ბათუმის შოთა რუსთაველის სახელმწიფო უნივერსიტეტის ბიბლიოთეკა

Социально-гуманитарные знания.№5. 2014 (ბიბ.ჩანაწერი № 46755)

000 -LEADER
fixed length control field 00479nam a2200169Ia 4500
001 - CONTROL NUMBER
control field 13599
003 - CONTROL NUMBER IDENTIFIER
control field GE_BSU
008 - FIXED-LENGTH DATA ELEMENTS--GENERAL INFORMATION
fixed length control field 181216s||||||||xx |||||||||||||| ||und||
040 ## - CATALOGING SOURCE
Transcribing agency GE_BSU
245 ## - TITLE STATEMENT
Title Социально-гуманитарные знания.№5. 2014
245 ## - TITLE STATEMENT
Statement of responsibility, etc. гл. ред.Миронов А.В.
260 ## - PUBLICATION, DISTRIBUTION, ETC.
Place of publication, distribution, etc. Москва
260 ## - PUBLICATION, DISTRIBUTION, ETC.
Date of publication, distribution, etc. 2014
300 ## - PHYSICAL DESCRIPTION
Extent 368стр.20см.
653 ## - INDEX TERM--UNCONTROLLED
Uncontrolled term Социально-гуманитарные знания
942 ## - ADDED ENTRY ELEMENTS (KOHA)
Koha item type პერიოდიკა
ეგზემპლარები
Withdrawn status Lost status Damaged status Not for loan Date acquired Barcode Date last seen Price effective from Koha item type
        2018-12-17 p76618 2018-12-17 2018-12-17 პერიოდიკა